[Event "9. Open International Championship of V"]
[Site "Novi Sad - Ribarac 4"]
[Date "2018.07.27"]
[Round "9.11"]
[White "Banovic, Ivan"]
[Black "Hirneise, Jens"]
[Result "1/2-1/2"]
[WhiteElo "2224"]
[BlackElo "2379"]
[PlyCount "114"]
[EventDate "2018.07.22"]

1. d4 Nf6 2. c4 g6 3. Nc3 Bg7 4. e4 d6 5. Be2 O-O 6. Nf3 e5 7. d5 Na6 8. Bg5 h6
9. Bh4 g5 10. Bg3 Nh5 11. Nd2 Nf4 12. O-O f5 13. exf5 Bxf5 14. Nde4 Qe8 15. Bg4
Qg6 16. Bxf5 Rxf5 17. b4 h5 18. f3 Raf8 19. Kh1 g4 20. fxg4 hxg4 21. a3 Nb8 22.
c5 a6 23. cxd6 cxd6 24. b5 Nd7 25. bxa6 bxa6 26. Qa4 Nxd5 27. Qxa6 Nc7 28. Qe2
Rxf1+ 29. Rxf1 Rxf1+ 30. Qxf1 d5 31. Nf2 Qc2 32. Ncd1 d4 33. Nxg4 Nd5 34. Ndf2
Ne3 35. Nxe3 dxe3 36. Nd3 e2 37. Qf3 Nc5 38. Ne1 Qc4 39. Bf2 e4 40. Qg4 Na4 41.
h4 Nb2 42. Bg3 e3 43. Qh5 Nd1 44. a4 Nf2+ 45. Kg1 Ne4 46. Qg4 Qd5 47. Bf4 Kh7
48. Qxe2 Nc3 49. Qc2+ Kg8 50. Bxe3 Qc4 51. Qf2 Nd1 52. Qd2 Nxe3 53. Qd8+ Kh7
54. Qd3+ Kg8 55. Qxc4+ Nxc4 56. Nd3 Bc3 57. Kh2 Nb6 1/2-1/2

[Event "9. Open International Championship of V"]
[Site "Novi Sad - Ribarac 4"]
[Date "2018.07.27"]
[Round "9.12"]
[White "Li, Hong"]
[Black "Uuriintuya, Uurtsaikh"]
[Result "1-0"]
[WhiteElo "2365"]
[BlackElo "2158"]
[PlyCount "101"]
[EventDate "2018.07.22"]

1. d4 Nf6 2. c4 g6 3. Nc3 Bg7 4. e4 d6 5. f3 O-O 6. Bg5 c5 7. d5 e6 8. Qd2 exd5
9. Nxd5 Be6 10. h4 Bxd5 11. cxd5 Nbd7 12. Nh3 Qb6 13. Be2 Nh5 14. O-O-O Ng3 15.
Rhe1 Ne5 16. Kb1 Rfc8 17. Rc1 c4 18. Be3 Qd8 19. Bg5 Qd7 20. Nf2 b5 21. Be3 b4
22. Bd4 c3 23. bxc3 bxc3 24. Rxc3 Rab8+ 25. Rb3 Nxe2 26. Rxe2 Qc7 27. Qd1 Nd3
28. Nxd3 Bxd4 29. Rc2 Qd8 30. Nb4 Bg7 31. Nc6 Rxc6 32. Rxc6 Ra8 33. Qe1 h5 34.
Kc2 Qd7 35. Qb4 Qe7 36. Qb7 Qe8 37. Rxd6 a5 38. a4 Be5 39. Rc6 Rd8 40. Rbc3
Bxc3 41. Kxc3 Rb8 42. Qc7 Kh7 43. Kd2 Qf8 44. Ke3 Qa3+ 45. Kf4 Qf8 46. Kg3 Rb3
47. Rf6 Kg7 48. e5 Qe8 49. Kh3 Re3 50. d6 Re1 51. d7 1-0

[Event "9. Open International Championship of V"]
[Site "Novi Sad - Ribarac 4"]
[Date "2018.07.27"]
[Round "9.13"]
[White "Omorjan, Dejan"]
[Black "Copic, Branko"]
[Result "1-0"]
[WhiteElo "2292"]
[BlackElo "2167"]
[PlyCount "65"]
[EventDate "2018.07.22"]

1. d4 Nf6 2. c4 e6 3. Nf3 Bb4+ 4. Bd2 a5 5. g3 b6 6. Bg2 Bb7 7. O-O O-O 8. a3
Be7 9. Nc3 Ne4 10. d5 Nxd2 11. Qxd2 Na6 12. Rad1 Nc5 13. Nd4 e5 14. Nf5 Bg5 15.
f4 exf4 16. gxf4 Bf6 17. e4 d6 18. Nd4 a4 19. Rde1 Re8 20. Ncb5 g6 21. Kh1 Re7
22. Re2 Qd7 23. Re3 Rae8 24. Qe2 Bg7 25. Re1 f5 26. Qc2 fxe4 27. Bh3 Qd8 28. f5
gxf5 29. Nxf5 Rf7 30. Rg1 Kh8 31. Reg3 Be5 32. Nh6 Rff8 33. Rg8+ 1-0

[Event "9. Open International Championship of V"]
[Site "Novi Sad - Ribarac 4"]
[Date "2018.07.27"]
[Round "9.15"]
[White "Ilijc, Milan"]
[Black "Zegarac, Vuk"]
[Result "0-1"]
[WhiteElo "2122"]
[BlackElo "2257"]
[PlyCount "25"]
[EventDate "2018.07.22"]

1. c4 e5 2. g3 Nc6 3. Bg2 Bc5 4. Nc3 a6 5. Nf3 d6 6. O-O Nge7 7. e3 Ba7 8. d4
O-O 9. d5 Nb8 10. e4 h6 11. Na4 f5 12. exf5 Nxf5 13. Nc3 {Unreadable..} 0-1

[Event "9. Open International Championship of V"]
[Site "Novi Sad - Ribarac 4"]
[Date "2018.07.27"]
[Round "9.16"]
[White "Mitev, Valentin"]
[Black "Altantuya, Boldbaatar"]
[Result "1-0"]
[WhiteElo "2242"]
[BlackElo "2060"]
[PlyCount "109"]
[EventDate "2018.07.22"]

1. d4 Nf6 2. Bg5 c5 3. Bxf6 gxf6 4. d5 Qb6 5. Qc1 d6 6. c4 f5 7. Nc3 Bg7 8. e3
Nd7 9. Qc2 Nf6 10. Bd3 Bd7 11. Nge2 Ne4 12. O-O Nxc3 13. Nxc3 e6 14. Rab1 O-O-O
15. a3 Kb8 16. b4 Rc8 17. b5 Qc7 18. b6 axb6 19. Nb5 Bxb5 20. Rxb5 Bf6 21. Rfb1
Bd8 22. a4 Re8 23. Qb2 Re7 24. Qg7 Ka7 25. Qxh7 Ra8 26. Qh8 Rd7 27. Qg7 Qc8 28.
g3 Kb8 29. Bc2 Ra5 30. R5b2 Bc7 31. h4 Qe8 32. Rb5 Bd8 33. Kg2 f6 34. Qh6 Qg8
35. dxe6 Qxe6 36. Qf4 Rg7 37. Bxf5 Qe7 38. Bc2 Bc7 39. Qf3 Rxb5 40. Rxb5 Qe6
41. Qe4 Qc8 42. Qd5 Re7 43. Bf5 Qe8 44. Qf3 Re5 45. g4 Qf7 46. Bd3 Bd8 47. Rb1
Qd7 48. Bc2 Qf7 49. Qf4 Qg7 50. Be4 f5 51. Bxf5 Bxh4 52. Rxb6 Qc7 53. Rb5 Qe7
54. a5 Ka7 55. Bc8 1-0

[Event "9. Open International Championship of V"]
[Site "Novi Sad - Ribarac 4"]
[Date "2018.07.27"]
[Round "9.17"]
[White "Tugstumur, Yesuntumur"]
[Black "Winkelman, Albert"]
[Result "1-0"]
[WhiteElo "2116"]
[BlackElo "2210"]
[PlyCount "99"]
[EventDate "2018.07.22"]

1. d4 Nf6 2. c4 e6 3. Nf3 d5 4. Nc3 Bb4 5. Qa4+ Nc6 6. e3 O-O 7. Bd2 Re8 8. Rd1
Bd7 9. Qc2 Bd6 10. a3 dxc4 11. Bxc4 e5 12. d5 Ne7 13. e4 Ng6 14. O-O Nh5 15. g3
Rf8 16. Be2 Bg4 17. Qd3 Qd7 18. Ng5 h6 19. f3 Bh3 20. Nxh3 Qxh3 21. Rf2 Bc5 22.
Be3 Bxe3 23. Qxe3 c6 24. dxc6 bxc6 25. Bf1 Qe6 26. Qc5 Rfd8 27. Rfd2 Qf6 28.
Kf2 Rxd2+ 29. Rxd2 Rd8 30. Rd3 Rxd3 31. Bxd3 Qg5 32. Qe3 Qd8 33. Ke2 Qb8 34. b4
Qd8 35. Bc4 a5 36. Qa7 axb4 37. Qxf7+ Kh7 38. axb4 Nf6 39. Qa7 Nh5 40. Qf7 Nf6
41. Nd1 Qd4 42. Be6 Qd6 43. Bf5 Ng8 44. Bxg6+ Qxg6 45. Qxg6+ Kxg6 46. Kd3 Nf6
47. Ne3 Nd7 48. Nc4 Kf6 49. Na5 Nb8 50. Kc4 1-0

[Event "9. Open International Championship of V"]
[Site "Novi Sad - Ribarac 4"]
[Date "2018.07.27"]
[Round "9.18"]
[White "Zhukov, Anton"]
[Black "Paroski, Sinisa"]
[Result "1/2-1/2"]
[WhiteElo "2046"]
[BlackElo "2199"]
[PlyCount "63"]
[EventDate "2018.07.22"]

1. d4 d5 2. c4 c6 3. Nf3 Nf6 4. Qb3 dxc4 5. Qxc4 Bf5 6. g3 e6 7. Bg2 Be7 8. O-O
O-O 9. Nc3 Nbd7 10. Bf4 Ne4 11. Rac1 Nb6 12. Qb3 Nxc3 13. bxc3 Be4 14. Rfd1 Qc8
15. c4 Re8 16. c5 Nd5 17. Nd2 Bxg2 18. Kxg2 b6 19. cxb6 axb6 20. Ne4 Qa6 21.
Rd2 Rec8 22. Bd6 f5 23. Bxe7 fxe4 24. Bd6 Qa4 25. Qxa4 Rxa4 26. Be5 c5 27. dxc5
Rxc5 28. Rxc5 bxc5 29. Rb2 Nb4 30. Bd6 Rxa2 31. Rxa2 Nxa2 32. Bxc5 1/2-1/2

[Event "9. Open International Championship of V"]
[Site "Novi Sad - Ribarac 4"]
[Date "2018.07.27"]
[Round "9.20"]
[White "Jovanovic, Milenko"]
[Black "Zavgorodniaya, Alena"]
[Result "1/2-1/2"]
[WhiteElo "2198"]
[BlackElo "2075"]
[PlyCount "37"]
[EventDate "2018.07.22"]

1. d4 Nf6 2. c4 g6 3. Nc3 d5 4. cxd5 Nxd5 5. e4 Nxc3 6. bxc3 Bg7 7. Bc4 c5 8.
Ne2 O-O 9. O-O Qc7 10. d5 Nd7 11. Bf4 Ne5 12. Rb1 a6 13. a4 Qa5 14. Bxe5 Bxe5
15. Qc2 Rb8 16. Ra1 Qc7 17. f4 Bg7 18. a5 Re8 19. Qd3 1/2-1/2